000 00488nam a2200181 a 4500
005 20240919063946.0
008 021025s1986 mx r 000 0 spa d
035 _aUPN01000120486
049 _aCG
050 4 _aJX1995
_bN3.4
110 2 _aNaciones Unidas
245 1 4 _aLas Naciones Unidad hoy :
_bsugerencias para los oradores /
_cNaciones Unidas.
260 _aNew York :
_bONU,
_c1986.
300 _a41 p.
610 2 2 _aNaciones Unidas
_928489
902 _aPN/mema
905 _aLibro
999 _c92820
_d92820